| 000 | 00969nam1a22002291i 4500 | ||
|---|---|---|---|
| 001 | rc\2981779 | ||
| 005 | 20240723235456.0 | ||
| 035 | _a(NLR Aleph) 007126872 | ||
| 090 |
_a6919356 _c6919356 |
||
| 100 | _a20110911d1937 |||y0rusy50 ca | ||
| 101 | 0 | _arus | |
| 102 | _aRU | ||
| 105 | _ay z ||||| | ||
| 200 | 1 |
_aТрикотажная промышленность _eСборник ... |
|
| 210 |
_aМосква _aЛенинград _cГизлегпром _d1937 _e[Серпухов] _gтип. "Мособлполиграф" |
||
| 215 | _d20×13 см | ||
| 225 | 1 |
_aПрограммы начального техминимума _fНКЛП РСФСР. Отд. учеб. заведений |
|
| 710 | 0 | 1 |
_aСССР _bНародный комиссариат легкой промышленности _bГлавное управление учебными заведениями |
| 801 | 0 |
_aRU _bNLR _gpsbo |
|
| 801 | 1 |
_aRU _bELAR _2rusmarc |
|
| 852 |
_aNLR _j36-17/126(4) |
||
| 942 | _cBOOK | ||